| 000 | 00391nam a22001337a 4500 | ||
|---|---|---|---|
| 008 | 230606b xxu||||| |||| 00| 0 eng d | ||
| 020 | _a9789987712496 | ||
| 082 |
_a346.06 _bEAC |
||
| 100 |
_cEAC Secretariat _d2009 |
||
| 245 |
_a11 TH SUMMIT MEETING OF HEADS OF STATE _bEAST AFRICAN COMMUNITY |
||
| 260 |
_aArusha _bEast Africa Community Secretariat _c2009 |
||
| 300 | _a80pages | ||
| 942 |
_2ddc _cBK |
||
| 999 |
_c513 _d513 |
||